<?xml version="1.0" encoding="UTF-8"?><?xml-stylesheet type="text/xsl" href="static/style.xsl"?><OAI-PMH xmlns="http://www.openarchives.org/OAI/2.0/" xmlns:xsi="http://www.w3.org/2001/XMLSchema-instance" xsi:schemaLocation="http://www.openarchives.org/OAI/2.0/ http://www.openarchives.org/OAI/2.0/OAI-PMH.xsd"><responseDate>2026-04-17T12:49:38Z</responseDate><request verb="GetRecord" identifier="oai:www.recercat.cat:10256/20513" metadataPrefix="marc">https://recercat.cat/oai/request</request><GetRecord><record><header><identifier>oai:recercat.cat:10256/20513</identifier><datestamp>2024-05-22T11:28:59Z</datestamp><setSpec>com_2072_452966</setSpec><setSpec>com_2072_2054</setSpec><setSpec>col_2072_452968</setSpec></header><metadata><record xmlns="http://www.loc.gov/MARC21/slim" xmlns:dcterms="http://purl.org/dc/terms/" xmlns:xsi="http://www.w3.org/2001/XMLSchema-instance" xmlns:doc="http://www.lyncode.com/xoai" xsi:schemaLocation="http://www.loc.gov/MARC21/slim http://www.loc.gov/standards/marcxml/schema/MARC21slim.xsd">
   <leader>00925njm 22002777a 4500</leader>
   <datafield ind2=" " ind1=" " tag="042">
      <subfield code="a">dc</subfield>
   </datafield>
   <datafield ind2=" " ind1=" " tag="720">
      <subfield code="a">López Céspedes, Cristina</subfield>
      <subfield code="e">author</subfield>
   </datafield>
   <datafield ind2=" " ind1=" " tag="260">
      <subfield code="c">2021-06-01</subfield>
   </datafield>
   <datafield ind2=" " ind1=" " tag="520">
      <subfield code="a">Moving towards a more sustainable model is one of the biggest challenges nowadays society&#xd;
is facing, because of this since the 1990s, the first voluntary environmental management&#xd;
standards were published which aimed to integrate the environment into the management&#xd;
of companies and organizations. This fact meant a change in the organizational model&#xd;
including the environment in more proactively way in all parts of the process. As in the case&#xd;
of beach management systems, which have been added to this trend and the benefits that&#xd;
these systems can bring. In order to achieve this, it has been decided to propose an&#xd;
Environmental Declaration for the beach system of the municipality of Barcelona, following&#xd;
the requirements proposed by the EMAS regulation and following the environmental policy&#xd;
previously proposed by Barcelona City Council for the management of beaches. The aim of&#xd;
this environmental statement is to summarize and aimed at the public, all information&#xd;
regarding the beaches in terms of organization, services, municipal policy, environmental&#xd;
management, behaviour and environmental regulations that the affect them.&#xd;
In order to make the proposal for the environmental declaration of the beaches of&#xd;
Barcelona, the legal regulations applicable to the voluntary participation of organizations in&#xd;
environmental management systems, set out in EC Regulation 1221/2009, have been used&#xd;
at all times. Other environmental declarations applied to different beach systems on the&#xd;
Catalan coast have also been used as references. In order to obtain the necessary&#xd;
information to conduct Barcelona’s beaches’ management analysis, there has been help&#xd;
from external agents as the City Hall’s web and technicians from the beaches from&#xd;
Barcelona’s system. In some other cases the information has been compiled in situ thanks&#xd;
to the job done by the beach during 2020 season.&#xd;
With this case study, the aim is to create a joint system between all the parties in charge of&#xd;
beach management, to promote safer facilities for users and workers and with a more&#xd;
environmentally friendly behaviour</subfield>
   </datafield>
   <datafield ind1="8" ind2=" " tag="024">
      <subfield code="a">http://hdl.handle.net/10256/20513</subfield>
   </datafield>
   <datafield tag="653" ind2=" " ind1=" ">
      <subfield code="a">Litoral - Protecció</subfield>
   </datafield>
   <datafield tag="653" ind2=" " ind1=" ">
      <subfield code="a">Shore protection</subfield>
   </datafield>
   <datafield tag="653" ind2=" " ind1=" ">
      <subfield code="a">Barcelona</subfield>
   </datafield>
   <datafield tag="653" ind2=" " ind1=" ">
      <subfield code="a">Gestió ambiental</subfield>
   </datafield>
   <datafield tag="653" ind2=" " ind1=" ">
      <subfield code="a">Environmental management</subfield>
   </datafield>
   <datafield ind2="0" ind1="0" tag="245">
      <subfield code="a">Sistemes de gestió ambiental - Cas pràctic. Declaració ambiental del sistema de platges de Barcelona</subfield>
   </datafield>
</record></metadata></record></GetRecord></OAI-PMH>